History Quiz

Random History or Olympics Quiz

Olympics Cities Quiz Stats

 Plays Quiz Updated Jul 23, 2021

     
Support Sporcle.
Go Orange.
Score 0/52 Timer 10:00
6 Plays Today
Year City % Correct
2012London (UK)
97.4%
1896Athens (Greece)
94.9%
2004Athens (Greece)
94.9%
1908London (UK)
93.7%
1948London (UK)
93.7%
2008Beijing (China)
92.1%
1900Paris (France)
88.9%
1924Paris (France)
88.9%
1936Berlin (Germany)
87.4%
2000Sydney (Australia)
87%
1996Atlanta (USA)
85.3%
2020/21Tokyo (Japan)
84.9%
1932Los Angeles (USA)
83.9%
1984Los Angeles (USA)
83.8%
1980Moscow (USSR)
83.7%
1992Barcelona (Spain)
80%
1960Rome (Italy)
79.5%
1964Tokyo (Japan)
76.5%
2002Salt Lake City (USA)
74.2%
1972Munich (West Germany)
71.7%
1968Mexico City (Mexico)
68.8%
1988Seoul (South Korea)
68.3%
1976Montreal (Canada)
64%
2006Turin (Italy)
62.6%
2010Vancouver (Canada)
61.8%
2014Sochi (Russia)
60.9%
Year City % Correct
1912Stockholm (Sweden)
59.1%
1952Oslo (Norway)
58.6%
2016Rio de Janeiro (Brazil)
57.1%
1952Helsinki (Finland)
55.6%
1932Lake Placid (USA)
53.8%
1980Lake Placid (USA)
53.8%
1928Amsterdam (Netherlands)
49.5%
1988Calgary (Canada)
48%
1956Melbourne (Australia)
48%
1998Nagano (Japan)
47.2%
1994Lillehammer (Norway)
44.8%
1904St. Louis (USA)
41.3%
1984Sarajevo (Yugoslavia)
38.5%
1964Innsbruck (Austria)
31.6%
1976Innsbruck (Austria)
31.6%
1920Antwerp (Belgium)
30.8%
1992Albertville (France)
30%
1928St. Moritz (Switzerland)
26.7%
1948St. Moritz (Switzerland)
26.7%
1972Sapporo (Japan)
25%
1960Squaw Valley (USA)
24.2%
1924Chamonix (France)
23.1%
1968Grenoble (France)
22.6%
2018Pyeongchang (South Korea)
19.7%
1936Garmisch-Partenkirchen (Germany)
17.8%
1956Cortina d'Ampezzo (Italy)
14.9%

From the Vault

Longest Total Land Borders

by SWert

There are a lot of islands unhappy about this quiz.
Remove Ads.
Support Sporcle.
Get the best of Sporcle when you Go Orange. This ad-free experience offers more features, more stats, and more fun while also helping to support Sporcle. Thank you for becoming a member.

Show Comments

Extras

Top Quizzes Today


Score Distribution

Your Account Isn't Verified!

In order to create a playlist on Sporcle, you need to verify the email address you used during registration. Go to your Sporcle Settings to finish the process.

Report this User

Report this user for behavior that violates our Community Guidelines.

Details: